Представление документа в формате RUSMARC

ПолеНазваниеЗначение
  Тип записи a
  Библиографический уровень m
001 Контрольный номер RU/УОНБ/EK_N/382016304
005 Дата корректировки 20240130235102.5
010 Индекс ISBN __
9 Тираж 2000 экз.
013 Номер (ISMN) __
a Номер (ISMN) 978-5-222-17315-2
d Цена 166 р. 80 к.
100 Данные общей обработки __
a Данные общей обработки 20120208d2010 u y0rusy0189||||ca
101 Язык документа 0_
a Язык текста rus
102 Страна публикации __
a Страна публикации RU
105 Кодированные данные (монография) __
a Кодированные данные (монография) y###||||000|y
125 Кодированные данные звукозаписи и нотных изданий __
a Форма изложения нотного текста с|
128 Кодированные данные (звукозаписи-физические характеристики) __
a Кодированные данные: Музыкальная форма и тональность или лад zz
c Инструменты или голоса, рекомендуемые для солистов (устаревшее) ka||
200 Заглавие и сведения об ответственности 1_
a Заглавие Вып. 2
205 Сведения об издании __
a Основные сведения об издании Изд. 2
210 Выходные данные 1_
d Дата издания 2010
215 Физическое описание __
a Объем 121 c.
327 Примечание о содержании 11
a Примечание о содержании Содерж. : Бах И. С. Адажио. - Люлли Ж. Б. Гавот. - Моцарт В. А. Колыбельная. - Бетховен Л. Соната № 14 ("Лунная"). - Шопен Ф. Две мазурки. - Глинка М. Вальс-фантазия : фрагмент. - Даргомыжский А. Мне грустно : романс. - Чайковский П. Сентиментальный вальс. - Беллини В. Каватина ("Casta Diva") : из оперы "Норма". - Верди Дж. Сцена из 3 д. оперы "Травиата". - Сметана Б. Полька : из оперы "Проданная невеста". - Ружицкий Л. Песенка-вальс : из оперы "Казанова". - Ивановичи И. Дунайские волны : вальс. - Штраус-сын И. Весенние голоса : вальс. - Штраус-сын И. Мое сокровище : вальс. - Фальво Р. Скажите, девушки. - Мое солнышко! : неаполит. нар. песня / обраб. Э. Капуа. - Доминичи А. Бедное сердце. - Лехтинен Р. Летка-енка. - Д'Эспозито С. Душа и сердце. - Рашель Р. Романтики. - Орик Д. Мулен Руж : вальс из кф. "Красная мельница". - Бонфа Л. Песня : из кф "Черный Орфей". - Сарсосо С. Прощальная : из кф. "Возраст любви". - Гершвин Дж. Любовь вошла. - Вейль К. Песня : из "Трехгрошевой оперы" (Мекки-нож). - Шеринг Г. Колыбельная. - Дюмон Ш. Padam, padam. - Гаде Я. Ревность : танго.
461 Уровень набора _0
1 001RU/УОНБ/EK_N/381926202
1 200
a От классики до джаза
b [Ноты]
e любимые мелодии для фп.
f сост. Н. Сазонова
v Вып. 2
1 210
a Ростов-на-Дону
c Феникс
d 2010
1 225
a Любимые мелодии
464 Аналитический уровень _0
1 2001
a Адажио
1 700 1
a Бах
b И. С.
4 230
464 Аналитический уровень _0
1 2001
a Гавот
1 700 1
a Люлли
b Ж. Б.
4 230
464 Аналитический уровень _0
1 2001
a Колыбельная
1 700 1
a Моцарт
b В. А.
4 230
464 Аналитический уровень _0
1 2001
a Соната № 14 (Лунная)
1 700 1
a Бетховен
b Л.
4 230
464 Аналитический уровень _0
1 2001
a Две мазурки
1 700 1
a Шопен
b Ф.
4 230
464 Аналитический уровень _0
1 2001
a Вальс-фантазия
1 700 1
a Глинка
b М.
4 230
464 Аналитический уровень _0
1 2001
a Мне грустно
e романс
1 700 1
a Даргомыжский
b А.
4 230
464 Аналитический уровень _0
1 2001
a Сентиментальный вальс
1 700 1
a Чайковский
b П.
4 230
464 Аналитический уровень _0
1 2001
a Каватина
e Casta Diva...
e из оперы "Норма"
1 700 1
a Беллини
b В.
4 230
1 50010
a Норма
464 Аналитический уровень _0
1 2001
a Сцена из 3 действия оперы "Травиата"
1 700 1
a Верди
b Дж.
4 230
1 50010
a Травиата
464 Аналитический уровень _0
1 2001
a Полька из оперы "Проданная невеста"
1 700 1
a Сметана
b Б.
4 230
1 50010
a Проданная невеста
464 Аналитический уровень _0
1 2001
a Песенка-вальс из оперы "Казанова"
1 700 1
a Ружицкий
b Л.
4 230
1 50010
a Казанова
464 Аналитический уровень _0
1 2001
a Дунайские волны
e вальс
1 700 1
a Ивановичи
b И.
4 230
464 Аналитический уровень _0
1 2001
a Весенние голоса
e вальс
1 700 1
a Штраус-сын
b И.
4 230
464 Аналитический уровень _0
1 2001
a Мое сокровище
e вальс
1 700 1
a Штраус-сын
b И.
4 230
464 Аналитический уровень _0
1 2001
a Скажите, девушки
1 700 1
a Фальво
b Р.
4 230
464 Аналитический уровень _0
1 2001
a Мое солнышко!
e неаполит. нар. песня
1 700 1
a Капуа
b Э.
4 030
464 Аналитический уровень _0
1 2001
a Бедное сердце
1 700 1
a Доминичи
b А.
4 230
464 Аналитический уровень _0
1 2001
a Летка-енка
1 700 1
a Лехтинен
b Р.
4 230
464 Аналитический уровень _0
1 2001
a Душа и сердце
1 700 1
a Д'Эспозито
b С.
4 230
464 Аналитический уровень _0
1 2001
a Романтики
1 700 1
a Рашель
b Р.
4 230
464 Аналитический уровень _0
1 2001
a Мулен Руж
e вальс
e из кф. "Красная мельница"
1 700 1
a Орик
b Д.
4 230
1 50010
a Красная мельница
464 Аналитический уровень _0
1 2001
a Песня
e из кф "Черный Орфей"
1 700 1
a Бонфа
b Л.
4 230
1 50010
a Черный Орфей
464 Аналитический уровень _0
1 2001
a Прощальная
e из кф. "Возраст любви"
1 700 1
a Сарсосо
b С.
4 230
1 50010
a Возраст любви
464 Аналитический уровень _0
1 2001
a Любовь вошла
1 700 1
a Гершвин
b Дж.
4 230
464 Аналитический уровень _0
1 2001
a Песня Мекки-нож из "Трехгрошевой оперы"
1 700 1
a Вейль
b К.
4 230
1 50010
a Трехгрошевая опера
464 Аналитический уровень _0
1 2001
a Колыбельная
1 700 1
a Шеринг
b Г.
4 230
464 Аналитический уровень _0
1 2001
a Padam, padam
1 700 1
a Дюмон
b Ш.
4 230
464 Аналитический уровень _0
1 2001
a Ревность
e танго
1 700 1
a Гаде
b Я.
4 230
606 Тематические рубрики 0_
a Основная рубрика Фортепиано
610 Ключевые слова 0_
a Ключевые слова фортепиано
686 Индексы других классификаций __
a Классификационный индекс 85.954.2-058.8я43
2 Код системы rubbk
801 Источник записи _0
a Страна RU
b Организация Ульяновская ОНБ
c Дата составления 20120208
g Правила каталогизации RCR
801 Источник записи _1
a Страна RU
b Организация Ульяновская ОНБ
c Дата составления 20120208
g Правила каталогизации RCR
901 Тип документа __
t Тип документа n
w Контрольный № источника RU/УОНБ/EK_N/381926202
909 Создатель записи __
a Создатель записи Лобина Л. И.
938 Служебная информация __
a Имя БД noti
b Имя библиотеки УОНБ
c Имя АИБС МАРК-SQL
d Номер DOC_ID в БД 9558